00477nam a2200169Ia 450000500170000000800410001702000180005803700130007604000200008904100130010908400190012210000230014124500900016425000080025426000320026230000130029420250326140515.0250326s9999 xx 000 0 und d a0-07-055615-6 aTextbook aFMSLbengcFMSL aeng2eng aX:89A M5qFMSL aSchroeder Rogers G 0aOperations Management: Decision making in the operation functionscSchroeder Rogers G a2nd aUSAbUSA, McGraw Hillc1985 axiii,770